New Prince2 publication (Record no. 71898)

MARC details
000 -LEADER
fixed length control field 00865cam a2200181 4500
001 - CONTROL NUMBER
control field WB3901-28
008 - FIXED-LENGTH DATA ELEMENTS--GENERAL INFORMATION
fixed length control field 030107n2003 000 0 eng u
035 ## - SYSTEM CONTROL NUMBER
System control number (Sirsi) u120949
245 ## - TITLE STATEMENT
Title New Prince2 publication
260 ## - PUBLICATION, DISTRIBUTION, ETC.
Date of publication, distribution, etc. 2003
490 ## - SERIES STATEMENT
Series statement RICS Project Management Faculty News
Volume/sequential designation 2 January 2003, (1)
520 ## - SUMMARY, ETC.
Summary, etc. New Office of Government Commerce (OGC) endorsed guidance using the PRINCE2 methodology has been published to help project managers plan for and deal with 'people issues' that can arise in projects. Further information about "People issues and PRINCE2" available at www.tso.co.uk/bookshop/bookstore.asp?FO=38383&Action=Book&ProductID=0113308965 PRINCE2 website at www.ogc.gov.uk/prince/
590 ## - LOCAL NOTE (RLIN)
Local note WB
650 ## - SUBJECT ADDED ENTRY--TOPICAL TERM
Topical term or geographic name entry element PROJECTS IN CONTROLLED ENVIRONMENTS
650 ## - SUBJECT ADDED ENTRY--TOPICAL TERM
Topical term or geographic name entry element PROJECT MANAGERS
690 ## - LOCAL SUBJECT ADDED ENTRY--TOPICAL TERM (OCLC, RLIN)
Topical term or geographic name as entry element Project management
9 (RLIN) 6261
942 ## - ADDED ENTRY ELEMENTS (KOHA)
Suppress in OPAC 0
Holdings
Withdrawn status Lost status Source of classification or shelving scheme Damaged status Not for loan Home library Current library Shelving location Date acquired Total Checkouts Full call number Barcode Date last seen Copy number Price effective from Koha item type
    Dewey Decimal Classification     London London News article 07/01/2003   WB3901-28 120949-1001 06/08/2019 1 06/08/2019 News article